[Event "4. Obert Internacional Masdenverge 2015"]
[Site "Masdenverge ESP"]
[Date "2015.06.26"]
[Round "1.1"]
[White "Gutierrez Insua, Jorge Alberto"]
[Black "Roig Aguilar, Alejandro"]
[Result "0-1"]
[WhiteElo "1541"]
[BlackElo "2199"]
[PlyCount "80"]
[EventDate "2015.06.26"]
[EventType "swiss"]
[EventRounds "7"]
[EventCountry "ESP"]
[SourceTitle "Ajedrez en Madrid"]
[Source "lmi"]
[SourceDate "2015.06.26"]
[SourceVersion "1"]
[SourceVersionDate "2018.04.15"]
[SourceQuality "1"]

1. d4 Nf6 2. c4 e6 3. Nf3 Bb4+ 4. Nbd2 b6 5. a3 Bxd2+ 6. Bxd2 Bb7 7. e3 O-O 8.
Bd3 Ne4 9. O-O f5 10. b4 d6 11. Ra2 Nd7 12. Be1 Qf6 13. Nd2 Nc3 14. Qc2 Qg6 15.
f3 Nxa2 16. Qxa2 Qg5 17. Bf2 a5 18. b5 Rf6 19. h4 Qh6 20. e4 Kh8 21. exf5 exf5
22. Re1 Raf8 23. Re7 Bc8 24. g3 Re6 25. Rxe6 Qxe6 26. Qc2 Bb7 27. Kg2 Rf7 28.
c5 dxc5 29. dxc5 Ne5 30. c6 Bc8 31. Bc4 Nxc4 32. Nxc4 f4 33. g4 Qd5 34. a4 Bxg4
35. Qc3 Bxf3+ 36. Kh2 Qd1 37. Qe1 Qxe1 38. Bxe1 Bd1 39. Nb2 Be2 40. Bd2 f3 0-1

[Event "4. Obert Internacional Masdenverge 2015"]
[Site "Masdenverge ESP"]
[Date "2015.06.26"]
[Round "1.2"]
[White "Panella Navarro, Sergi"]
[Black "Morales Polo, Pau"]
[Result "1-0"]
[WhiteElo "2184"]
[BlackElo "1526"]
[PlyCount "35"]
[EventDate "2015.06.26"]
[EventType "swiss"]
[EventRounds "7"]
[EventCountry "ESP"]
[SourceTitle "Ajedrez en Madrid"]
[Source "lmi"]
[SourceDate "2015.06.26"]
[SourceVersion "1"]
[SourceVersionDate "2018.04.15"]
[SourceQuality "1"]

1. e4 c5 2. Nf3 d6 3. d4 Nc6 4. Be3 Nf6 5. Nc3 Qb6 6. Qd2 Qxb2 7. Rb1 Qa3 8.
dxc5 a6 9. cxd6 exd6 10. Bb6 Nb4 11. Rb3 Nxe4 12. Nxe4 Qxa2 13. Qxb4 d5 14.
Nd6+ Kd7 15. Ne5+ Ke6 16. Nexf7 a5 17. Qg4+ Ke7 18. Bd8# 1-0

[Event "4. Obert Internacional Masdenverge 2015"]
[Site "Masdenverge ESP"]
[Date "2015.06.26"]
[Round "1.3"]
[White "Moya Gimeno, Raul"]
[Black "Asensio Linan, Teodoro"]
[Result "0-1"]
[WhiteElo "1523"]
[BlackElo "2168"]
[PlyCount "64"]
[EventDate "2015.06.26"]
[EventType "swiss"]
[EventRounds "7"]
[EventCountry "ESP"]
[SourceTitle "Ajedrez en Madrid"]
[Source "lmi"]
[SourceDate "2015.06.26"]
[SourceVersion "1"]
[SourceVersionDate "2018.04.15"]
[SourceQuality "1"]

1. f4 Nf6 2. Nf3 b6 3. b3 g6 4. e3 Bg7 5. Bb2 O-O 6. Nc3 Bb7 7. Be2 c5 8. d3 d6
9. Qd2 a6 10. g4 Nxg4 11. f5 Nd7 12. fxg6 fxg6 13. e4 Bh6 14. Ng5 Nf2 15. Rg1
Nh3 16. Rg3 Nxg5 17. Rxg5 Bxg5 18. Qxg5 e5 19. Qg1 Qh4+ 20. Kd2 b5 21. Bg4 Nf6
22. Be6+ Kg7 23. Rf1 Rae8 24. Bd5 Bxd5 25. exd5 b4 26. Ne4 Nxe4+ 27. dxe4 Rxf1
28. Qxf1 Qxh2+ 29. Ke3 Qxc2 30. Qa1 Qg2 31. Kd3 Qf3+ 32. Kc4 Qxe4+ 0-1

[Event "4. Obert Internacional Masdenverge 2015"]
[Site "Masdenverge ESP"]
[Date "2015.06.26"]
[Round "1.4"]
[White "Colls Gelaberto, Emili"]
[Black "Trujillo Saavedra, Ramiro"]
[Result "1-0"]
[WhiteElo "2164"]
[BlackElo "1519"]
[PlyCount "93"]
[EventDate "2015.06.26"]
[EventType "swiss"]
[EventRounds "7"]
[EventCountry "ESP"]
[SourceTitle "Ajedrez en Madrid"]
[Source "lmi"]
[SourceDate "2015.06.26"]
[SourceVersion "1"]
[SourceVersionDate "2018.04.15"]
[SourceQuality "1"]

1. Nf3 Nf6 2. c4 g6 3. Nc3 Bg7 4. e4 d6 5. d4 O-O 6. h3 e5 7. dxe5 dxe5 8. Qxd8
Rxd8 9. Bg5 Re8 10. O-O-O Na6 11. Nd2 Nc5 12. Nd5 Nxd5 13. cxd5 f5 14. f3 a5
15. Bc4 Kh8 16. h4 f4 17. h5 h6 18. hxg6 Bd7 19. Bxh6 Bxh6 20. Rxh6+ Kg7 21.
Rdh1 Rh8 22. Rxh8 Rxh8 23. Rxh8 Kxh8 24. Be2 Kg7 25. Kd1 b5 26. Nb1 c6 27. dxc6
Bxc6 28. Na3 Na4 29. b3 Nc3+ 30. Kd2 Nxe2 31. Kxe2 Kxg6 32. Nb1 Kf6 33. a3 Ke6
34. b4 a4 35. Kf2 Kf6 36. Nc3 Ke7 37. Kg1 Kf6 38. Kh2 Kg5 39. Nd1 Bd7 40. Nf2
Be6 41. Nd3 Kf6 42. Nc5 Bc4 43. g3 fxg3+ 44. Kxg3 Bb3 45. Kf2 Kg5 46. Ke3 Bc4
47. Nd7 1-0

[Event "4. Obert Internacional Masdenverge 2015"]
[Site "Masdenverge ESP"]
[Date "2015.06.26"]
[Round "1.5"]
[White "Sanz Ortiz, Joaquim"]
[Black "Fernandez Soriano, Ruben"]
[Result "0-1"]
[WhiteElo "1511"]
[BlackElo "2131"]
[PlyCount "32"]
[EventDate "2015.06.26"]
[EventType "swiss"]
[EventRounds "7"]
[EventCountry "ESP"]
[SourceTitle "Ajedrez en Madrid"]
[Source "lmi"]
[SourceDate "2015.06.26"]
[SourceVersion "1"]
[SourceVersionDate "2018.04.15"]
[SourceQuality "1"]

1. d4 e5 2. e3 Nc6 3. c3 d5 4. Bd3 Qg5 5. g3 e4 6. Bc2 h5 7. h4 Qg6 8. Nd2 Bg4
9. f3 Bf5 10. Nf1 Nf6 11. Qe2 exf3 12. Bxf5 fxe2 13. Bxg6 exf1=Q+ 14. Kxf1 fxg6
15. Nf3 Ne4 16. Rg1 Bd6 0-1

[Event "4. Obert Internacional Masdenverge 2015"]
[Site "Masdenverge ESP"]
[Date "2015.06.26"]
[Round "1.6"]
[White "Jordan Martinez, David"]
[Black "Estruch Andreu, Guim"]
[Result "1-0"]
[WhiteElo "2131"]
[BlackElo "1508"]
[PlyCount "41"]
[EventDate "2015.06.26"]
[EventType "swiss"]
[EventRounds "7"]
[EventCountry "ESP"]
[SourceTitle "Ajedrez en Madrid"]
[Source "lmi"]
[SourceDate "2015.06.26"]
[SourceVersion "1"]
[SourceVersionDate "2018.04.15"]
[SourceQuality "1"]

1. Nf3 c5 2. c4 g6 3. g3 Nc6 4. Bg2 Bg7 5. Nc3 Nf6 6. O-O O-O 7. d4 cxd4 8.
Nxd4 Qc7 9. Bf4 d6 10. Ndb5 Qd8 11. Rc1 a6 12. Na3 Be6 13. Qa4 Qc8 14. Nd5 Bxd5
15. cxd5 Nxd5 16. Bxd5 Bxb2 17. Rc2 b5 18. Nxb5 axb5 19. Qxb5 Rb8 20. Qxc6 Qf5
21. Be4 1-0

[Event "4. Obert Internacional Masdenverge 2015"]
[Site "Masdenverge ESP"]
[Date "2015.06.26"]
[Round "1.7"]
[White "Gargallo Catalan, Oscar"]
[Black "Buch Prades, Joan"]
[Result "0-1"]
[WhiteElo "1476"]
[BlackElo "2093"]
[PlyCount "132"]
[EventDate "2015.06.26"]
[EventType "swiss"]
[EventRounds "7"]
[EventCountry "ESP"]
[SourceTitle "Ajedrez en Madrid"]
[Source "lmi"]
[SourceDate "2015.06.26"]
[SourceVersion "1"]
[SourceVersionDate "2018.04.15"]
[SourceQuality "1"]

1. d4 Nf6 2. c4 e6 3. g3 d5 4. Bg2 Be7 5. Nf3 O-O 6. Qc2 a6 7. a4 Nc6 8. O-O
Nb4 9. Qb3 dxc4 10. Qxc4 b5 11. Qb3 Bb7 12. Bd2 Bd5 13. Qd1 Ne4 14. Nc3 Nxd2
15. Qxd2 Bc6 16. Ne1 Bxg2 17. Kxg2 c5 18. Nf3 Qb6 19. Rfd1 cxd4 20. Qxd4 Bc5
21. Qe4 f5 22. Qe5 Rae8 23. axb5 axb5 24. Rd7 Rf7 25. Raa7 Rxd7 26. Rxd7 Re7
27. Rxe7 Bxe7 28. Nd4 Bf6 29. Qxb5 Qxb5 30. Ndxb5 Kf7 31. Kf3 e5 32. e4 g6 33.
Nd5 Nd3 34. Nxf6 Kxf6 35. exf5 gxf5 36. Ke3 Nxb2 37. Nc3 Nc4+ 38. Ke2 e4 39. g4
fxg4 40. Nxe4+ Kf5 41. Ng3+ Kf4 42. Nh5+ Kg5 43. Ng3 Ne5 44. Kf1 h5 45. Kg1 h4
46. Nh1 Kf4 47. h3 gxh3 48. Kh2 Kg4 49. Kg1 Nf3+ 50. Kf1 Kf4 51. Ke2 Nh2 52. f3
Nxf3 53. Kf2 Ng5 54. Kg1 Kf3 55. Kf1 Ne4 56. Kg1 Kf4 57. Kh2 Kg4 58. Kg1 Ng5
59. Kf2 Nf3 60. Kf1 h2 61. Kg2 h3+ 62. Kf1 Nd2+ 63. Ke2 Ne4 64. Ke1 Kf3 65. Kd1
Nf2+ 66. Nxf2 Kxf2 0-1

[Event "4. Obert Internacional Masdenverge 2015"]
[Site "Masdenverge ESP"]
[Date "2015.06.26"]
[Round "1.8"]
[White "Romero Pallares, Daniel"]
[Black "Sabate Barrubes, Antoni"]
[Result "1-0"]
[WhiteElo "2070"]
[BlackElo "1474"]
[PlyCount "61"]
[EventDate "2015.06.26"]
[EventType "swiss"]
[EventRounds "7"]
[EventCountry "ESP"]
[SourceTitle "Ajedrez en Madrid"]
[Source "lmi"]
[SourceDate "2015.06.26"]
[SourceVersion "1"]
[SourceVersionDate "2018.04.15"]
[SourceQuality "1"]

1. e4 e6 2. d4 d5 3. exd5 exd5 4. Bd3 Nf6 5. Nf3 Bd6 6. Be3 c6 7. c3 Qc7 8. h3
Nbd7 9. Nbd2 h6 10. Qc2 Nf8 11. a4 Be6 12. a5 N8d7 13. b4 Rb8 14. Ra2 O-O 15.
Nh4 Rbe8 16. Nb3 Bf4 17. Nc5 Bxe3 18. fxe3 Nxc5 19. bxc5 Qg3+ 20. Qf2 Qxf2+ 21.
Kxf2 Ne4+ 22. Bxe4 dxe4 23. d5 cxd5 24. g4 g5 25. Nf5 Bxf5 26. gxf5 Rc8 27. Rb1
Rc7 28. a6 bxa6 29. Rxa6 h5 30. Rg1 f6 31. h4 1-0

[Event "4. Obert Internacional Masdenverge 2015"]
[Site "Masdenverge ESP"]
[Date "2015.06.26"]
[Round "1.9"]
[White "Lavernia Marco, Marc"]
[Black "Fernandez Alonso, Miquel A."]
[Result "0-1"]
[WhiteElo "1462"]
[BlackElo "2068"]
[PlyCount "110"]
[EventDate "2015.06.26"]
[EventType "swiss"]
[EventRounds "7"]
[EventCountry "ESP"]
[SourceTitle "Ajedrez en Madrid"]
[Source "lmi"]
[SourceDate "2015.06.26"]
[SourceVersion "1"]
[SourceVersionDate "2018.04.15"]
[SourceQuality "1"]

1. e4 c5 2. Nf3 Nc6 3. d4 cxd4 4. Nxd4 e5 5. Nb3 Nf6 6. Nc3 Bb4 7. f3 d5 8.
exd5 Nxd5 9. Bd2 Nxc3 10. Bxc3 Bxc3+ 11. bxc3 O-O 12. Qxd8 Rxd8 13. Bd3 b6 14.
O-O Be6 15. Rad1 g6 16. Be4 Rac8 17. Rd3 Rxd3 18. cxd3 Nd8 19. c4 f5 20. Bd5
Bxd5 21. cxd5 Nf7 22. Rc1 Rxc1+ 23. Nxc1 Kf8 24. Ne2 Ke7 25. f4 Kd6 26. fxe5+
Kxe5 27. Nc3 Nd6 28. Ne2 Kxd5 29. Kf2 g5 30. Kf3 Nb5 31. Ke3 f4+ 32. Nxf4+
gxf4+ 33. Kxf4 Ke6 34. Kg5 Kf7 35. Kf5 Nc3 36. a3 Nb1 37. d4 Nxa3 38. g4 Nc4
39. h4 Ne3+ 40. Kf4 Nxg4 41. Kxg4 a5 42. Kh5 a4 43. d5 a3 44. Kh6 a2 45. d6
a1=Q 46. Kg5 Qe5+ 47. Kg4 Qxd6 48. h5 h6 49. Kf5 Qd5+ 50. Kf4 b5 51. Ke3 b4 52.
Ke2 b3 53. Ke3 b2 54. Ke2 b1=Q 55. Kf2 Qbe4 0-1

[Event "4. Obert Internacional Masdenverge 2015"]
[Site "Masdenverge ESP"]
[Date "2015.06.26"]
[Round "1.10"]
[White "Palacios Herrero, Pablo"]
[Black "Sanchez Gascon, Ricardo"]
[Result "1-0"]
[WhiteElo "2064"]
[BlackElo "1461"]
[PlyCount "45"]
[EventDate "2015.06.26"]
[EventType "swiss"]
[EventRounds "7"]
[EventCountry "ESP"]
[SourceTitle "Ajedrez en Madrid"]
[Source "lmi"]
[SourceDate "2015.06.26"]
[SourceVersion "1"]
[SourceVersionDate "2018.04.15"]
[SourceQuality "1"]

1. e4 g6 2. d4 Bg7 3. Nc3 a6 4. Nf3 d6 5. Bg5 b5 6. a3 Bb7 7. Be2 Nd7 8. O-O c5
9. Re1 cxd4 10. Nxd4 Nb6 11. f4 Nf6 12. e5 dxe5 13. fxe5 Nfd5 14. Ne4 Bxe5 15.
Nc5 Bxh2+ 16. Kh1 Bc8 17. Nc6 Qc7 18. Nxe7 Be6 19. Nxa6 Qd7 20. Nc5 Qc7 21.
Bxb5+ Kf8 22. Rxe6 Qxc5 23. Bh6# 1-0

[Event "4. Obert Internacional Masdenverge 2015"]
[Site "Masdenverge ESP"]
[Date "2015.06.26"]
[Round "2.1"]
[White "Roig Aguilar, Alejandro"]
[Black "Villar Ariño, Victor"]
[Result "1-0"]
[WhiteElo "2199"]
[BlackElo "1845"]
[PlyCount "63"]
[EventDate "2015.06.26"]
[EventType "swiss"]
[EventRounds "7"]
[EventCountry "ESP"]
[SourceTitle "Ajedrez en Madrid"]
[Source "lmi"]
[SourceDate "2015.06.26"]
[SourceVersion "1"]
[SourceVersionDate "2018.04.15"]
[SourceQuality "1"]

1. d4 Nf6 2. c4 d6 3. Nc3 Nbd7 4. e4 e5 5. d5 Nc5 6. Qc2 Bg4 7. b4 Ncd7 8. Rb1
Be7 9. f3 Bh5 10. Be3 c6 11. Bd3 O-O 12. Nge2 Rc8 13. a4 Bg6 14. O-O cxd5 15.
cxd5 Nb6 16. Qb3 Ne8 17. a5 Nd7 18. Bxa7 f5 19. Bf2 Bg5 20. a6 bxa6 21. Bxa6
Rb8 22. Bb5 Nc7 23. Bc6 Nc5 24. Qc4 fxe4 25. bxc5 e3 26. Bg3 Bxb1 27. Nxb1 Kh8
28. Nbc3 Rb2 29. cxd6 Qxd6 30. Ne4 Qd8 31. Bxe5 Rb6 32. Bxc7 1-0

[Event "4. Obert Internacional Masdenverge 2015"]
[Site "Masdenverge ESP"]
[Date "2015.06.26"]
[Round "2.2"]
[White "Jove Barbera, Josep Lluis"]
[Black "Panella Navarro, Sergi"]
[Result "0-1"]
[WhiteElo "1848"]
[BlackElo "2184"]
[PlyCount "54"]
[EventDate "2015.06.26"]
[EventType "swiss"]
[EventRounds "7"]
[EventCountry "ESP"]
[SourceTitle "Ajedrez en Madrid"]
[Source "lmi"]
[SourceDate "2015.06.26"]
[SourceVersion "1"]
[SourceVersionDate "2018.04.15"]
[SourceQuality "1"]

1. d4 e6 2. c4 b6 3. Nc3 Bb7 4. Nf3 Bb4 5. g3 f5 6. Bg2 Nf6 7. O-O O-O 8. Bg5
Bxc3 9. bxc3 d6 10. e3 Nbd7 11. a4 a5 12. Rb1 Qe7 13. Re1 h6 14. Bxf6 Nxf6 15.
Qb3 Ne4 16. Qa3 g5 17. Ne5 Qe8 18. Nd3 Bc6 19. c5 Nd2 20. Rbd1 Nf3+ 21. Kh1
Nxe1 22. Nxe1 Bxg2+ 23. Kxg2 Qc6+ 24. Kg1 dxc5 25. Nd3 cxd4 26. Ne5 Qd6 27.
cxd4 Qxa3 0-1

[Event "4. Obert Internacional Masdenverge 2015"]
[Site "Masdenverge ESP"]
[Date "2015.06.26"]
[Round "2.3"]
[White "Asensio Linan, Teodoro"]
[Black "Beltran Reverter, Josep M."]
[Result "1-0"]
[WhiteElo "2168"]
[BlackElo "1835"]
[PlyCount "53"]
[EventDate "2015.06.26"]
[EventType "swiss"]
[EventRounds "7"]
[EventCountry "ESP"]
[SourceTitle "Ajedrez en Madrid"]
[Source "lmi"]
[SourceDate "2015.06.26"]
[SourceVersion "1"]
[SourceVersionDate "2018.04.15"]
[SourceQuality "1"]

1. e4 d6 2. d4 Nf6 3. Nc3 g6 4. h3 Bg7 5. Be3 O-O 6. Qd2 c6 7. Nf3 b5 8. Bd3
Re8 9. O-O Qc7 10. a4 b4 11. Ne2 a5 12. c3 bxc3 13. bxc3 Nbd7 14. Ng3 c5 15.
Bb5 Rd8 16. Bh6 Bb7 17. Rfe1 e5 18. Bxg7 Kxg7 19. Qg5 Kh8 20. dxe5 dxe5 21.
Rad1 Re8 22. Bc4 Re7 23. Rxd7 Rxd7 24. Qxf6+ Kg8 25. Nxe5 Re7 26. Ng4 Ra6 27.
Nh6+ 1-0

[Event "4. Obert Internacional Masdenverge 2015"]
[Site "Masdenverge ESP"]
[Date "2015.06.26"]
[Round "2.4"]
[White "Abarca Garcia, Xavier"]
[Black "Colls Gelaberto, Emili"]
[Result "0-1"]
[WhiteElo "1806"]
[BlackElo "2164"]
[PlyCount "120"]
[EventDate "2015.06.26"]
[EventType "swiss"]
[EventRounds "7"]
[EventCountry "ESP"]
[SourceTitle "Ajedrez en Madrid"]
[Source "lmi"]
[SourceDate "2015.06.26"]
[SourceVersion "1"]
[SourceVersionDate "2018.04.15"]
[SourceQuality "1"]

1. d4 Nf6 2. c4 g6 3. Nc3 Bg7 4. e4 d6 5. h3 O-O 6. Nf3 e5 7. d5 Na6 8. Bg5 Qe8
9. Nd2 Nh5 10. g3 h6 11. Be3 f5 12. f3 Nxg3 13. Rh2 Nc5 14. Be2 Bd7 15. Bf2 Nh5
16. Nb3 b6 17. Qd2 Nf4 18. Bf1 h5 19. O-O-O Qe7 20. h4 Kh7 21. Be2 Bh6 22. Be3
fxe4 23. Nxc5 bxc5 24. fxe4 Nxe2+ 25. Nxe2 Bxe3 26. Qxe3 Bg4 27. Rdh1 Bxe2 28.
Rxe2 Rf4 29. Rf2 Raf8 30. Rxf4 Rxf4 31. Qe1 Qf6 32. a3 Rf3 33. Kb1 Qf4 34. Ka2
Re3 35. Qa5 Qf7 36. Qxa7 Rxe4 37. Qa4 Kh6 38. Qc2 Qf4 39. Rg1 Qf5 40. Rg5 Qf3
41. a4 Qe2 42. Qxe2 Rxe2 43. a5 Re4 44. Kb3 Rxh4 45. Rg1 Rf4 46. a6 Rf8 47. Ka4
h4 48. Ka5 g5 49. a7 h3 50. Ka6 Kh5 51. Kb7 g4 52. Rf1 Re8 53. Rf7 g3 54. Re7
Rh8 55. Rh7+ Rxh7 56. a8=Q h2 57. Qe8+ Kh4 58. Qg8 Rh5 59. Qd8+ Kh3 60. Qd7+
Kg2 0-1

[Event "4. Obert Internacional Masdenverge 2015"]
[Site "Masdenverge ESP"]
[Date "2015.06.26"]
[Round "2.5"]
[White "Fernandez Soriano, Ruben"]
[Black "Romeu De La Cruz, Josep"]
[Result "1-0"]
[WhiteElo "2131"]
[BlackElo "1797"]
[PlyCount "69"]
[EventDate "2015.06.26"]
[EventType "swiss"]
[EventRounds "7"]
[EventCountry "ESP"]
[SourceTitle "Ajedrez en Madrid"]
[Source "lmi"]
[SourceDate "2015.06.26"]
[SourceVersion "1"]
[SourceVersionDate "2018.04.15"]
[SourceQuality "1"]

1. Nf3 Nf6 2. c4 d6 3. d4 g6 4. Nc3 c6 5. e4 Bg7 6. h3 O-O 7. Bg5 Nbd7 8. Qd2
Ne8 9. O-O-O f6 10. Bh6 a5 11. h4 a4 12. h5 g5 13. Bxg7 Nxg7 14. h6 Ne6 15. d5
Nf4 16. g3 Ng6 17. Nd4 Nde5 18. f4 Nf7 19. Ne6 Qb6 20. Nxf8 Kxf8 21. Be2 Bd7
22. Bh5 Ngh8 23. Rhf1 Kg8 24. Rde1 Qc5 25. e5 dxe5 26. fxe5 fxe5 27. Qf2 Qxf2
28. Rxf2 b5 29. dxc6 Bxc6 30. cxb5 Bb7 31. Rd2 a3 32. bxa3 Rxa3 33. Kb2 Ra8 34.
Rd7 Nd6 35. Rxe7 1-0

[Event "4. Obert Internacional Masdenverge 2015"]
[Site "Masdenverge ESP"]
[Date "2015.06.26"]
[Round "2.6"]
[White "Caballero Gomez-Casero, Emilio"]
[Black "Jordan Martinez, David"]
[Result "0-1"]
[WhiteElo "1761"]
[BlackElo "2131"]
[PlyCount "44"]
[EventDate "2015.06.26"]
[EventType "swiss"]
[EventRounds "7"]
[EventCountry "ESP"]
[SourceTitle "Ajedrez en Madrid"]
[Source "lmi"]
[SourceDate "2015.06.26"]
[SourceVersion "1"]
[SourceVersionDate "2018.04.15"]
[SourceQuality "1"]

1. e4 c5 2. Nf3 e6 3. d4 cxd4 4. Nxd4 a6 5. Nc3 Qc7 6. Be2 Bb4 7. O-O Nf6 8.
Bg5 Bxc3 9. Bxf6 gxf6 10. bxc3 b6 11. Bf3 Bb7 12. Rb1 d6 13. Bh5 O-O 14. Qg4+
Kh8 15. Qh4 Nd7 16. Rfd1 Qc5 17. Nb3 Qe5 18. f4 Qxe4 19. Rd2 Rg8 20. Qf2 Rg7
21. Re2 Qd5 22. f5 Rag8 0-1

[Event "4. Obert Internacional Masdenverge 2015"]
[Site "Masdenverge ESP"]
[Date "2015.06.26"]
[Round "2.7"]
[White "Buch Prades, Joan"]
[Black "Rodriguez Marin, Jose"]
[Result "1-0"]
[WhiteElo "2093"]
[BlackElo "1789"]
[PlyCount "64"]
[EventDate "2015.06.26"]
[EventType "swiss"]
[EventRounds "7"]
[EventCountry "ESP"]
[SourceTitle "Ajedrez en Madrid"]
[Source "lmi"]
[SourceDate "2015.06.26"]
[SourceVersion "1"]
[SourceVersionDate "2018.04.15"]
[SourceQuality "1"]

1. d4 Nf6 2. c4 c5 3. d5 e6 4. Nc3 exd5 5. cxd5 d6 6. e4 a6 7. a4 b6 8. f4 Nbd7
9. Nf3 Bb7 10. Bc4 Qc7 11. O-O Be7 12. Re1 O-O 13. e5 Ne8 14. Qe2 g6 15. e6
fxe6 16. Qxe6+ Rf7 17. Ne4 Nf8 18. Qh3 Bc8 19. Qg3 Ng7 20. Nfg5 Nf5 21. Qd3
Bxg5 22. Nxg5 Re7 23. Bd2 Nd4 24. Rxe7 Qxe7 25. Re1 Qa7 26. Ne6 b5 27. axb5
axb5 28. Bxb5 Ndxe6 29. dxe6 c4+ 30. Qe3 Bxe6 31. Bc6 d5 32. Bxa8 Qxa8 1-0

[Event "4. Obert Internacional Masdenverge 2015"]
[Site "Masdenverge ESP"]
[Date "2015.06.26"]
[Round "2.8"]
[White "Fernandez Sierra, Pedro Jose"]
[Black "Romero Pallares, Daniel"]
[Result "0-1"]
[WhiteElo "1729"]
[BlackElo "2070"]
[PlyCount "56"]
[EventDate "2015.06.26"]
[EventType "swiss"]
[EventRounds "7"]
[EventCountry "ESP"]
[SourceTitle "Ajedrez en Madrid"]
[Source "lmi"]
[SourceDate "2015.06.26"]
[SourceVersion "1"]
[SourceVersionDate "2018.04.15"]
[SourceQuality "1"]

1. e4 g6 2. d4 Bg7 3. Nf3 d6 4. Nc3 Nf6 5. Bg5 O-O 6. Qd2 c6 7. O-O-O b5 8. Bd3
Re8 9. e5 b4 10. exf6 bxc3 11. Qxc3 exf6 12. Be3 Be6 13. Kb1 Qc7 14. h4 h5 15.
Nh2 f5 16. Nf3 Nd7 17. Ng5 Bd5 18. Nf3 Nb6 19. Qd2 Rab8 20. Rhe1 Qb7 21. b3 a5
22. Bf4 Red8 23. Bg5 Rd7 24. Qxa5 Ra8 25. Qb4 c5 26. Qd2 c4 27. Bf1 Qa7 28. a4
cxb3 0-1

[Event "4. Obert Internacional Masdenverge 2015"]
[Site "Masdenverge ESP"]
[Date "2015.06.26"]
[Round "2.9"]
[White "Caixal Pique, Jordi"]
[Black "Palacios Herrero, Pablo"]
[Result "0-1"]
[WhiteElo "1657"]
[BlackElo "2064"]
[PlyCount "38"]
[EventDate "2015.06.26"]
[EventType "swiss"]
[EventRounds "7"]
[EventCountry "ESP"]
[SourceTitle "Ajedrez en Madrid"]
[Source "lmi"]
[SourceDate "2015.06.26"]
[SourceVersion "1"]
[SourceVersionDate "2018.04.15"]
[SourceQuality "1"]

1. e4 e6 2. d4 d5 3. exd5 exd5 4. c4 Nf6 5. Nc3 Be7 6. Nf3 O-O 7. h3 Re8 8. Be2
dxc4 9. Bg5 Be6 10. O-O c6 11. a4 Nbd7 12. Re1 h6 13. Bd2 Nb6 14. a5 Nbd5 15.
Ra4 b5 16. axb6 axb6 17. Rxa8 Qxa8 18. Bxc4 Nxc3 19. Bxc3 Bxc4 0-1

[Event "4. Obert Internacional Masdenverge 2015"]
[Site "Masdenverge ESP"]
[Date "2015.06.26"]
[Round "2.10"]
[White "Galimany Rovira, Xavier"]
[Black "Iglesias Fernandez, Luis"]
[Result "1-0"]
[WhiteElo "2060"]
[BlackElo "1770"]
[PlyCount "69"]
[EventDate "2015.06.26"]
[EventType "swiss"]
[EventRounds "7"]
[EventCountry "ESP"]
[SourceTitle "Ajedrez en Madrid"]
[Source "lmi"]
[SourceDate "2015.06.26"]
[SourceVersion "1"]
[SourceVersionDate "2018.04.15"]
[SourceQuality "1"]

1. c4 e5 2. g3 Nc6 3. Bg2 f5 4. Nc3 Nf6 5. d3 Bc5 6. Nf3 d6 7. O-O O-O 8. a3 a5
9. e3 Bb6 10. d4 e4 11. Ne1 Qe8 12. Rb1 Ne7 13. b4 axb4 14. axb4 c5 15. bxc5
Ba5 16. cxd6 Bxc3 17. dxe7 Qxe7 18. Qb3 Bxe1 19. Rxe1 Qe8 20. Bf1 Qh5 21. Ba3
Rf7 22. Bd6 Ng4 23. h3 f4 24. exf4 e3 25. hxg4 exf2+ 26. Kxf2 Bxg4 27. Bg2 g5
28. c5 gxf4 29. Bxf4 Kg7 30. Re5 Rxf4+ 31. gxf4 Qh4+ 32. Kg1 Rf8 33. Qe3 Bf5
34. Re7+ Kg8 35. Rbxb7 1-0

[Event "4. Obert Internacional Masdenverge 2015"]
[Site "Masdenverge ESP"]
[Date "2015.06.27"]
[Round "3.1"]
[White "Rodriguez Adell, Aaron"]
[Black "Roig Aguilar, Alejandro"]
[Result "0-1"]
[WhiteElo "2047"]
[BlackElo "2199"]
[PlyCount "76"]
[EventDate "2015.06.26"]
[EventType "swiss"]
[EventRounds "7"]
[EventCountry "ESP"]
[SourceTitle "Ajedrez en Madrid"]
[Source "lmi"]
[SourceDate "2015.06.26"]
[SourceVersion "1"]
[SourceVersionDate "2018.04.15"]
[SourceQuality "1"]

1. d4 Nf6 2. Bg5 e6 3. e4 h6 4. Bxf6 Qxf6 5. c3 d6 6. Bd3 g5 7. Ne2 a6 8. Nd2
Nc6 9. O-O e5 10. Nc4 Bg7 11. Ne3 O-O 12. Nd5 Qd8 13. Bc2 Kh8 14. Qd2 exd4 15.
cxd4 Ne7 16. Nxe7 Qxe7 17. Rfe1 c5 18. dxc5 dxc5 19. Nc3 Qe5 20. Rad1 Be6 21.
Qe3 Rfd8 22. Qg3 Qxg3 23. hxg3 Bxc3 24. bxc3 Bxa2 25. e5 b5 26. Be4 Rab8 27.
Ra1 Rd2 28. Bf5 Re8 29. e6 fxe6 30. Bg6 Red8 31. Bf7 R8d6 32. f4 Kg7 33. Bh5 b4
34. f5 exf5 35. Re7+ Kf6 36. Rh7 g4 37. Rxh6+ Kg5 38. Rxd6 Rxd6 0-1

[Event "4. Obert Internacional Masdenverge 2015"]
[Site "Masdenverge ESP"]
[Date "2015.06.27"]
[Round "3.2"]
[White "Panella Navarro, Sergi"]
[Black "Guasch Figuerola, Agusti"]
[Result "1/2-1/2"]
[WhiteElo "2184"]
[BlackElo "2055"]
[PlyCount "62"]
[EventDate "2015.06.26"]
[EventType "swiss"]
[EventRounds "7"]
[EventCountry "ESP"]
[SourceTitle "Ajedrez en Madrid"]
[Source "lmi"]
[SourceDate "2015.06.26"]
[SourceVersion "1"]
[SourceVersionDate "2018.04.15"]
[SourceQuality "1"]

1. e4 c5 2. Nf3 Nc6 3. d4 cxd4 4. Nxd4 d5 5. Bb5 dxe4 6. O-O Bd7 7. Nxc6 bxc6
8. Bc4 Nf6 9. Nc3 Bg4 10. Qxd8+ Rxd8 11. Be3 Rd7 12. Bb3 e5 13. h3 Bh5 14. g4
Bg6 15. Rfd1 Rb7 16. Ba4 Rc7 17. Nd5 Nxd5 18. Rxd5 Be7 19. Rxe5 O-O 20. Ra5 Rd8
21. Bf4 Rb7 22. Bxc6 Rxb2 23. Rc1 Rc8 24. Bd5 Bc5 25. Bb3 e3 26. Be5 exf2+ 27.
Kf1 Rxb3 28. cxb3 Bd3+ 29. Kg2 f1=Q+ 30. Rxf1 Bxf1+ 31. Kxf1 Bb6 1/2-1/2